[Event "DEM U12/U12w 2013"]
[Site "Oberhof GER"]
[Date "2013.05.20"]
[Round "4"]
[White "Duan, Muxi"]
[Black "Reif, Karla"]
[Result "0-1"]
[Termination "normal"]
[Board "47"]
[WhiteElo "929"]
[BlackElo "1165"]
[PlyCount "52"]
[WhiteFideId "12971960"]
[BlackFideId "12971871"]
[EventCountry "GER"]
[EventRounds "11"]
[EventType "swiss"]
[EventDate "2013.05.18"]

1. e4 e5 2. Nf3 Nc6 3. Nc3 Nf6 4. Bb5 d6 5. O-O Be7 6. h3 Bd7 7. d3 O-O 8. Be3
a6 9. Ba4 Re8 10. d4 exd4 11. Nxd4 Nxd4 12. Bxd7 Qxd7 13. Bxd4 c5 14. Be3 Qc6
15. Qf3 Bd8 16. Rfe1 Nxe4 17. Nxe4 Rxe4 18. Qg3 Bf6 19. c3 Rae8 20. Rad1 d5 21.
Bxc5 Rxe1+ 22. Rxe1 Rxe1+ 23. Kh2 Qxc5 24. Qb8+ Qf8 25. Qxb7 Qd6+ 26. g3 g6 0-1

[Event "DEM U12/U12w 2013"]
[Site "Oberhof GER"]
[Date "2013.05.20"]
[Round "4"]
[White "Reitz, Theresa"]
[Black "Hofmann, Jana"]
[Result "1-0"]
[Termination "normal"]
[Board "48"]
[WhiteElo "1113"]
[BlackElo "970"]
[PlyCount "113"]
[WhiteFideId "12971901"]
[BlackFideId "12971952"]
[EventCountry "GER"]
[EventRounds "11"]
[EventType "swiss"]
[EventDate "2013.05.18"]

1. e4 e5 2. Nf3 Nc6 3. Bb5 d6 4. h3 Bd7 5. d3 Nf6 6. O-O a6 7. Ba4 Be7 8. c3 h6
9. Be3 O-O 10. Nbd2 Nh5 11. Re1 Bh4 12. Nxh4 Qxh4 13. Nf3 Qf6 14. Bc2 Qg6 15.
Nh4 Qf6 16. Qxh5 g5 17. Nf3 Qg7 18. Nh2 Kh7 19. Bd1 f5 20. Qf3 g4 21. Qg3 f4
22. Bxf4 exf4 23. Qh4 g3 24. fxg3 fxg3 25. Nf1 Ne5 26. d4 Nd3 27. Re2 Rf4 28.
Qxg3 Qxg3 29. Nxg3 Rg8 30. Nh5 Rh4 31. Nf6+ Kg7 32. Nxg8 Kxg8 33. Bb3+ Kh7 34.
e5 Nf4 35. Re3 Bc6 36. Bc2+ Kh8 37. e6 Nxg2 38. Re2 Nf4 39. Re3 Nxh3+ 40. Kf1
Rf4+ 41. Ke2 Bb5+ 42. Bd3 Rf2+ 43. Ke1 Rg2 44. Rd1 Rg1+ 45. Kd2 Rg2+ 46. Re2
Nf2 47. Ke3 Nxd1+ 48. Ke4 Bc6+ 49. d5 Rg4+ 50. Kf5 Rg5+ 51. Kf6 Kg8 52. dxc6
Kh8 53. cxb7 Rg8 54. e7 Re8 55. Bg6 Rg8 56. e8=Q Rxe8 57. Rxe8# 1-0